书目信息 |
| 题名: |
降低血压100法
|
|
| 作者: | 李成卫 主编 | |
| 分册: | ||
| 出版信息: | 北京 中国纺织出版社 2009 |
|
| 页数: | 96页 | |
| 开本: | 24cm | |
| 丛书名: | ||
| 单 册: | ||
| 中图分类: | R544.1 | |
| 科图分类: | ||
| 主题词: | 高血压--防治 , 高血压 | |
| 电子资源: | ||
| ISBN: | 978-7-5064-5698-2 | |
| 000 | 00809nam0 2200253 45 | |
| 001 | 1032989859 | |
| 005 | 20100407170450.56 | |
| 010 | @a978-7-5064-5698-2@dCNY16.00 | |
| 100 | @a20100331e2009 em y0chiy50 ea | |
| 101 | 0 | @achi |
| 102 | @aCN@b110000 | |
| 105 | @aa z 000yy | |
| 106 | @ar | |
| 200 | 1 | @a降低血压100法@AJiang Di Xue Ya 100 Fa@f李成卫主编@FLi Cheng Wei Zhu Bian |
| 210 | @a北京@c中国纺织出版社@d2009 | |
| 215 | @a96页@c图@d24cm | |
| 300 | @a尚锦文化 家庭保健百科 | |
| 330 | @a本书共分五章,介绍了降低血压的各种方法。书中除了饮食疗法外,还介绍了运动、按摩以及一些外用的治疗方法,如药枕、足浴等。 | |
| 606 | 0 | @a高血压@x防治 |
| 606 | 0 | @a高血压 |
| 690 | @aR544.1@v4 | |
| 701 | 0 | @a李成卫@ALi Cheng Wei@4主编 |
| 801 | 0 | @aCN@bTANGWEI@c20100407 |
| 905 | @b0587156-60@dR544.1@e119@f5 | |
| 降低血压100法/李成卫主编.-北京:中国纺织出版社,2009 |
| 96页:图;24cm |
| 尚锦文化 家庭保健百科 |
| ISBN 978-7-5064-5698-2:CNY16.00 |
| 本书共分五章,介绍了降低血压的各种方法。书中除了饮食疗法外,还介绍了运动、按摩以及一些外用的治疗方法,如药枕、足浴等。 |
| ● |
| 相关链接 |
|
|
|
|
正题名:降低血压100法
索取号:R544.1/119
 
预约/预借
| 序号 | 登录号 | 条形码 | 馆藏地/架位号 | 状态 | 备注 |
| 1 | 0587156 | 205871564 | 第二样本阅览室/ [索取号:R544.1/119] | 在馆 | |
| 2 | 0587157 | 205871573 | 第三借阅区/ [索取号:R544.1/119] | 在馆 | |
| 3 | 0587158 | 205871582 | 第三借阅区/ [索取号:R544.1/119] | 在馆 | |
| 4 | 0587159 | 205871591 | 第三借阅区/ [索取号:R544.1/119] | 在馆 | |
| 5 | 0587160 | 205871608 | 第三借阅区/ [索取号:R544.1/119] | 在馆 |